Détails MARC
| 000 -LEADER |
| fixed length control field |
03566cam a2200517 i 4500 |
| 001 - CONTROL NUMBER |
| control field |
0008004630 |
| 003 - CONTROL NUMBER IDENTIFIER |
| control field |
OSt |
| 005 - DATE AND TIME OF LATEST TRANSACTION |
| control field |
20260528202744.0 |
| 008 - FIXED-LENGTH DATA ELEMENTS--GENERAL INFORMATION |
| fixed length control field |
250620m20259999quc 000 f fre |
| 020 ## - INTERNATIONAL STANDARD BOOK NUMBER |
| International Standard Book Number |
9782897927790 |
| Qualifying information |
(vol. 1) |
| 020 ## - INTERNATIONAL STANDARD BOOK NUMBER |
| International Standard Book Number |
9782897928520 |
| Qualifying information |
(vol. 2) |
| 020 ## - INTERNATIONAL STANDARD BOOK NUMBER |
| International Standard Book Number |
2897927798 |
| Qualifying information |
(vol. 1) |
| 040 ## - CATALOGING SOURCE |
| Original cataloging agency |
QMBN |
| Language of cataloging |
fre |
| Description conventions |
rda |
| Transcribing agency |
QMBN |
| Modifying agency |
QMBND |
| 050 #4 - LIBRARY OF CONGRESS CALL NUMBER |
| Classification number |
PS9631* |
| 082 04 - DEWEY DECIMAL CLASSIFICATION NUMBER |
| Classification number |
C843/.6 |
| Item number |
P422c |
| Edition number |
23/fre/202511 |
| Standard or optional designation |
b |
| 082 04 - DEWEY DECIMAL CLASSIFICATION NUMBER |
| Classification number |
843/.92 |
| Item number |
P422c |
| Edition number |
23/fre/202511 |
| 082 04 - DEWEY DECIMAL CLASSIFICATION NUMBER |
| Classification number |
C843/.92 |
| Item number |
P422c |
| Edition number |
23/fre/202511 |
| Standard or optional designation |
b |
| 084 ## - OTHER CLASSIFICATION NUMBER |
| Classification number |
P 894cab v.2 |
| Item number |
P422c |
| Number source |
z |
| 091 0# - MICROFILM SHELF LOCATION (AM) [OBSOLETE] |
| Microfilm shelf location |
Pp̌in |
| 100 1# - MAIN ENTRY--PERSONAL NAME |
| Personal name |
Pépin, Sandrine, |
| Dates associated with a name |
2003- |
| Relator term |
auteur |
| 245 10 - TITLE STATEMENT |
| Title |
Campus bar / 2. Sous les projecteurs |
| Statement of responsibility, etc. |
Sandrine Pépin et Marie Potvin |
| 264 #1 - PRODUCTION, PUBLICATION, DISTRIBUTION, MANUFACTURE, AND COPYRIGHT NOTICE |
| Place of production, publication, distribution, manufacture |
[Boucherville, Qub̌ec] : |
| Name of producer, publisher, distributor, manufacturer |
DeMortagne, |
| Date of production, publication, distribution, manufacture, or copyright notice |
[2025]- |
| 300 ## - PHYSICAL DESCRIPTION |
| Extent |
volumes ; |
| Dimensions |
23 cm |
| 336 ## - CONTENT TYPE |
| Content type term |
texte |
| Content type code |
txt |
| Source |
rdacontent |
| 337 ## - MEDIA TYPE |
| Media type term |
sans mďiation |
| Media type code |
n |
| Source |
rdamedia |
| 338 ## - CARRIER TYPE |
| Carrier type term |
volume |
| Carrier type code |
nc |
| Source |
rdacarrier |
| 500 ## - GENERAL NOTE |
| General note |
L'ouvrage complet comprendra 3 volumes |
| 505 10 - FORMATTED CONTENTS NOTE |
| Miscellaneous information |
1. |
| Title |
Sortir de l'ombre -- |
| Miscellaneous information |
2. |
| Title |
Sous les projecteurs |
| 520 ## - SUMMARY, ETC. |
| Summary, etc. |
Lorsque Clara quitte les Sirènes du Saint-Laurent pour aller conquérir l’Europe, Jessica retrouve son ancien rôle, celui qu’elle n’a jamais vraiment maîtrisé : chanteuse principale du band. Bien que son aisance sur scène captive le public, sa voix, elle, trahit un manque flagrant de contrôle. De son côté, Nathan Crevier, tête d’affiche des Lucky Charms, est en crise existentielle. Depuis qu’il est populaire, sa vie n’est qu’une succession de soirées folles et de spectacles qui l’enfoncent dans la consommation. Déterminé à s’en sortir, il choisit de poursuivre en solo. Si seulement il réussissait à déjouer le syndrome de la page blanche qui l’empêche de composer de nouveaux hits…. Quand Nathan découvre le talent caché de Jess pour l’écriture, il lui propose un marché : si elle accepte de l’aider, il deviendra son coach de chant. Bien vite, leur arrangement se transforme en un tourbillon d’émotions intenses. Qui sait, peut-être que reconnaître leurs sentiments l’un pour l’autre sera la réponse à tous leurs problèmes…. SANDRINE PÉPIN est diplômée d’une technique professionnelle en musique, spécialisée en chant populaire. . MARIE POTVIN, pour sa part, a déjà signé plusieurs séries jeunesse populaires et romans grand public. . Mère et fille ont décidé d’allier leurs forces afin de nous présenter une trilogie de romance qui reflète la réalité des jeunes adultes d’aujourd’hui avec humour et émotions.. |
| 650 #6 - SUBJECT ADDED ENTRY--TOPICAL TERM |
| Topical term or geographic name as entry element |
Gestionnaires de portefeuille |
| Form subdivision |
Romans, nouvelles, etc. |
| 650 #6 - SUBJECT ADDED ENTRY--TOPICAL TERM |
| Topical term or geographic name as entry element |
Chanteuses |
| Form subdivision |
Romans, nouvelles, etc. |
| 650 #6 - SUBJECT ADDED ENTRY--TOPICAL TERM |
| Topical term or geographic name as entry element |
Mr̈es et fils |
| Form subdivision |
Romans, nouvelles, etc. |
| 650 #6 - SUBJECT ADDED ENTRY--TOPICAL TERM |
| Topical term or geographic name as entry element |
Bars |
| Form subdivision |
Romans, nouvelles, etc. |
| 650 #6 - SUBJECT ADDED ENTRY--TOPICAL TERM |
| Topical term or geographic name as entry element |
Entreprises familiales |
| Form subdivision |
Romans, nouvelles, etc. |
| 650 #6 - SUBJECT ADDED ENTRY--TOPICAL TERM |
| Topical term or geographic name as entry element |
Retour au foyer |
| Form subdivision |
Romans, nouvelles, etc. |
| 651 #6 - SUBJECT ADDED ENTRY--GEOGRAPHIC NAME |
| Geographic name |
Montrǎl (Qub̌ec) |
| Form subdivision |
Romans, nouvelles, etc. |
| 655 #7 - INDEX TERM--GENRE/FORM |
| Genre/form data or focus term |
Romans qub̌čois |
| Chronological subdivision |
21e sic̈le |
| Source of term |
local |
| 655 #7 - INDEX TERM--GENRE/FORM |
| Genre/form data or focus term |
Romans sentimentaux |
| Source of term |
rvmgf |
| 700 1# - ADDED ENTRY--PERSONAL NAME |
| Personal name |
Potvin, Marie, |
| Dates associated with a name |
1971- |
| Relator term |
auteur |
| 740 02 - ADDED ENTRY--UNCONTROLLED RELATED/ANALYTICAL TITLE |
| Uncontrolled related/analytical title |
Sortir de l'ombre |
| 740 02 - ADDED ENTRY--UNCONTROLLED RELATED/ANALYTICAL TITLE |
| Uncontrolled related/analytical title |
Sous les projecteurs |
| 942 ## - ADDED ENTRY ELEMENTS (KOHA) |
| Source of classification or shelving scheme |
Dewey Decimal Classification |
| Koha item type |
Roman adulte |